000 00517nam a2200133 4500
999 _c14159
_d14159
008 190903b ||||| |||| 00| 0 eng d
082 _aDPer 050 T48 Apr-June 2016 v. 187 n. 12-24
100 _939284
_aAltman, Alex.
245 _aDerailed:
_bAs the nation's infrastructure crumbles, Washington's transit chief bets on a new approach/
_cAlex Altman.
260 _aHong Kong:
_bTime Asia,
_cc2016.
300 _av187 n19, pages 30-32:
_billustrations;
_c27 cm.
650 _aEconomic development.
_939695
942 _2ddc
_cPER